Statistics for Towns of Soule (Zuberoa)

Click here to take the quiz!

General Stats

  • This quiz has been taken 5 times
  • The average score is 5 of 44

Answer Stats

PopulationFirst
Letter
TownCounty% Correct
2.954MMaule-LextarrePettarra
100%
1.057SSohutaPettarra
75%
573AAtharratze-
Sorholuze
Basaburua
50%
635BBarkoxeBasaburua
50%
534EEskiulaBasaburua
50%
156EEtxarriPettarra
50%
84HHauzeBasaburua
25%
276IIdauze-MendiArbaila
25%
309MMontoriBasaburua
25%
180SSanta GraziBasaburua
25%
549UUrdiñarbeArbaila
25%
131AAinharbePettarra
0%
320AAloze-Ziboze-
Onizegaine
Basaburua
0%
208AAltzai-
Altzabeheti-
Zunharreta
Basaburua
0%
236AAltzurukuArbaila
0%
121AArrokiagaArbaila
0%
231AArue-
Ithorrotze-
Olhaibi
Pettarra
0%
160BBerrogaine-
Laruntze
Pettarra
0%
748BBildoze-
Onizepea
Pettarra
0%
468DDomintxaine-
Berroeta
Pettarra
0%
74EEtxebarreBasaburua
0%
495EEzpeize-
Undureine
Pettarra
0%
103GGamere-ZihigaBasaburua
0%
472GGarindaineArbaila
0%
474GGotaine-IrabarneArbaila
0%
134IIruriBasaburua
0%
183JJeztazePettarra
0%
125LLakarri-Arhane-
Sarrikotagaine
Basaburua
0%
192LLarraineBasaburua
0%
85LLexantzu-
Zunharre
Basaburua
0%
197LLigi-AthereiBasaburua
0%
156LLiginaga-AstueBasaburua
0%
138LLixozePettarra
0%
197LLohitzune-
Oihergi
Pettarra
0%
206MMendikotaArbaila
0%
295MMitikile-
Larrori-
Mendibile
Pettarra
0%
229MMuskildiArbaila
0%
57OOspitalepeaPettarra
0%
221OOzaraine-
Erriberabeita
Pettarra
0%
87OOzaze-ZuharaArbaila
0%
256PPagolaArbaila
0%
248SSarrikotapeaPettarra
0%
93UUrrustoi-
Larrabile
Pettarra
0%
170ZZalgize-
Doneztebe
Arbaila
0%

Score Distribution

Percentile by Number Answered

Percent of People with Each Score

Your Score History

You have not taken this quiz